| 000 | 00844cam a22002773a 4500 | ||
|---|---|---|---|
| 001 | 32561 | ||
| 003 | PGUSA | ||
| 005 | 20140828083714.0 | ||
| 008 | 100527s2010||||xxu|||||s|||||000 1 eng d | ||
| 040 |
_aPGUSA _beng |
||
| 042 | _adc | ||
| 050 | 4 | _aPR | |
| 100 | 1 |
_aLever, Charles James, _d1806-1872 |
|
| 245 | 1 | 4 |
_aThe Bramleighs of Bishop's Folly _h[electronic resource] / _cCharles James Lever |
| 260 |
_bProject Gutenberg, _c2010 |
||
| 506 | _aPublic domain in the USA. | ||
| 516 | _aElectronic text | ||
| 653 | _aBritish -- Italy -- Fiction | ||
| 653 | _aBritish -- Ireland -- Fiction | ||
| 653 | _aIreland -- Fiction | ||
| 700 | 1 |
_aCooke, W. Cubitt _q(William Cubitt), _d1866-1951 |
|
| 700 | 1 |
_aWheeler, Edward J., _d-1933 |
|
| 830 | 0 |
_aProject Gutenberg _v32561 |
|
| 856 | 4 | 0 | _uhttp://www.gutenberg.org/ebooks/32561 |
| 942 | _cEB | ||
| 999 |
_c261816 _d261816 |
||